Téžký rok pro leasing
Vplyv ekonomickej krízy na lízingové služby v ČR. Pokles lízingu aj z dôvodu prechodu k úverom. Splátkové predaje a iné nelízingové finančné produkty. Operativný lízing a budúcnosť finančného lízingu. Európska federácia lízingovej asociácie LEASEUROPE a Federácia európskych bánk EUROFINAS.
Gespeichert in:
| 1. Verfasser: | |
|---|---|
| Format: | Buchkapitel |
| Sprache: | Tschechisch Englisch |
| Schlagworte: | |
| Tags: |
Keine Tags, Fügen Sie das erste Tag hinzu!
|
MARC
| LEADER | 00000naa$a2200000$$$4500 | ||
|---|---|---|---|
| 001 | 0114231 | ||
| 005 | 20231129093250.3 | ||
| 041 | 0 | |a cze | |
| 041 | 0 | |a eng | |
| 044 | |a CZ | ||
| 245 | 1 | 0 | |a Téžký rok pro leasing |c Martin Kofroň |
| 520 | |a Vplyv ekonomickej krízy na lízingové služby v ČR. Pokles lízingu aj z dôvodu prechodu k úverom. Splátkové predaje a iné nelízingové finančné produkty. Operativný lízing a budúcnosť finančného lízingu. Európska federácia lízingovej asociácie LEASEUROPE a Federácia európskych bánk EUROFINAS. | ||
| 610 | 2 | 0 | |a Česko |
| 610 | 2 | 0 | |a spoločnosti lízingové |
| 610 | 2 | 0 | |a inštitúcie finančné |
| 610 | 2 | 0 | |a lízing |
| 610 | 2 | 0 | |a lízing finančný |
| 610 | 2 | 0 | |a lízing operatívny |
| 610 | 2 | 0 | |a dohody obchodné |
| 610 | 2 | 0 | |a predaj |
| 610 | 2 | 0 | |a splátky |
| 610 | 2 | 0 | |a úver bankový |
| 100 | 1 | |a Kofroň, Martin | |